000 00814nam a22001935i 4500
001 167528
003 ES-MaACL
005 20250829091008.0
008 990407s1880 sp |||| | spa d
100 1 _aVilanova y Piera, Juan,
_d1821-1893
_9114785
245 1 0 _aConferencias en la Sociedad Geográfica de Madrid /
_cpor Juan Vilanova.
260 _aMadrid :
_b[s.n.],
_c1880 (
_fImp. de Fortanet)
300 _a71 p., [1] h. de lám. pleg. ;
_c24 cm.
599 _aLa h. de lám.: "Experimentos de Alfonso Favre de Ginebra"
650 7 _aGeografía-
_vHistoria
_2
_9171842
710 2 _aSociedad Geográfica de Madrid.
_96775
852 _aES-MaACL
_jT-376-F-5
_z- Enc. hol., falto de cub. original
_z- Enc. en un vol. facticio
_z- Ded. ms. del autor a Moreno Nieto
999 _c167528
_d167528